000
00285nam a22001217a 4500
082
_a
627 LIN'W
100
_a
LINSLEY, RAY K,FRANZINI, JOSEPH B
_9
77549
245
_a
WATER RESOURCES ENGINEERING
250
_a
2ND
260
_a
TOKYO
_b
MCGRAW HILL
_c
1972
300
_a
690P
942
_c
BK
999
_c
582811
_d
582811